Paises que terminan con el sufijo - stan - Estadísticas

Estadísticas generales
  • Esta prueba ha sido intentada 36 veces
  • La puntuación promedio es 7 de 7
Estadísticas de respuestas
Hint Respuesta % Correcto
A Afganistan
100%
K Kazajistan
100%
P Pakistan
100%
U Uzbekistan
100%
T Tayikistan
97%
T Turkmenistan
97%
K Kirguistan
94%
No se encontraron pruebas coincidentes
Distribución de puntuación
Porcentaje de gente con cada puntuación
Porcentaje por número respondido
Historial de tus puntuaciones
No has intentado esta prueba.